| LEADER 00000nam 2200000uu 4500 |
| 001 211760 |
| 003 ULIBM |
| 008 020711s2560 th a 000 0 tha d |
| 020 9786164260375
|
| 041 ^atha
|
| 060 4 WY153 จ145ก 2560
|
| 100 จรรจา สันตยากร
|
| 245 การจัดการคุณภาพการบริการสุขภาพ :^bการประยุกต์แนวคิดแบบลีนทางการพยาบาล/^cจรรจา สันตยากร
|
| 250 พิมพ์ครั้งที่ 1
|
| 260 พิษณุโลก :^bโครงการตำราคณะพยาบาลศาสตร์ มหาวิทยาลัยนเรศวร,^c2560
|
| 300 198 หน้า :^bภาพประกอบ ;^c26 ซม.
|
| 650 4 การพยาบาล
|
| 650 4 ^aพยาบาล
|
| 650 4 ^aพยาบาล^xการประยุกต์แนวคิดแบบลีน
|
| 710 2 ^aมหาวิทยาลัยนเรศวร. โครงการตำราคณะพยาบาลศาสตร์
|
| 856 ^zการจัดการคุณภาพฯ ม.นเรศวร.pdf (สารบัญหนังสือ)^uhttp://110.164.94.213/ULIB62015//_fulltext/5/211760/20170919151444_69.pdf |
| 999 ^aใช้งานได้ทุกระบบ
|